BAY TİLKİ VE KIRMIZI İP (Record no. 1015080)

MARC details
000 -LEADER
sabit uzunluktaki kontrol alanı 00261nam a2200097Ia 4500
001 - KONTROL NUMARASI
kontrol alanı 1015080
005 - EN SON İŞLEMİN TARİH VE ZAMANI
kontrol alanı 20250826230854.0
008 - SABİT-UZUNLUKTA VERİ ÖĞELERİ--GENEL BİLGİ
sabit uzunluktaki kontrol alanı 250824s9999 xx 000 0 und d
245 #0 - ESER / YAZAR
ESER ADI BAY TİLKİ VE KIRMIZI İP
Yazar Adı FRANZISKA BIERMANN
260 ## - YAYIN, DAĞITIM, VB.
YAYIN EVİ HEP KİTAP YAYINLARI
Holdings
Düşüm durumu Kayıp durumu Hasar Durumu Ödünç verilmez Ana kütüphane Geçerli Kütüphane Edinilen tarih Toplam ödünç verme sayısı Barkod Son görüntüleme tarihi Son ödünç verme tarihi Fiyatın geçerli olmaya başladığı tarih Koha materyal türü
        DİKİLİTAŞ SAHİP ATA İLKOKULU KÜTÜPHANESİ DİKİLİTAŞ SAHİP ATA İLKOKULU KÜTÜPHANESİ 24.08.2025 1 1070292 28.11.2025 21.11.2025 26.08.2025 Books